000 00712nam a22002291 4500
008
049 _aMAIN
090 _aQH585.2
245 1 0 _aCells and tissues in culture:
_bmethods, biology and physiology.
_cedited by E.N. Willmer
_nvol1.
260 _aLondon :
_bAcademic Press,
_c1965.
300 _av., :
_bill. ;
_c24 cm.
504 _aIncludes bibliographical references.
650 0 _aCell culture.
650 0 _aTissue culture.
650 7 _aCitologia E Biologia Celular
_2larpcal
700 _aWilmer, E. N.
907 _a.b10014597
_b09-01-06
_c17-04-03
999 _alocal mm
_c143262
_d143262
003
005 20230123133129.0
040 _cNUST
942 _cBOOKS
_kQH585.2